Le blancisme devant le tribunal de la negro divinite, ou, Pour comprendre, France est son nom / (Record no. 110289)

MARC details
000 -LEADER
campo de control de longitud fija 01066cam a2200349 a 4500
001 - NÚMERO DE CONTROL
campo de control 39118
005 - FECHA Y HORA DE LA ÚLTIMA TRANSACCIÓN
campo de control 20230411085955.0
008 - DATOS DE LONGITUD FIJA--INFORMACIÓN GENERAL
campo de control de longitud fija 000216s1998 quca 000 0 fre
035 ## - NÚMERO DE CONTROL DEL SISTEMA
Número de control de sistema (OCoLC)ocm43790823
040 ## - FUENTE DE CATALOGACIÓN
Centro catalogador/agencia de origen NLC
Lengua de catalogación fre
Centro/agencia transcriptor NLC
016 ## - NÚMERO DE CONTROL DE UNA AGENCIA BIBLIOGRÁFICA NACIONAL
Número de control del registro 000061263
020 ## - NÚMERO INTERNACIONAL ESTÁNDAR DEL LIBRO
Número Internacional Estándar del Libro 298013029X
020 ## - NÚMERO INTERNACIONAL ESTÁNDAR DEL LIBRO
Número Internacional Estándar del Libro 9782980130298
029 0# - OTRO NÚMERO DE CONTROL DE SISTEMA (OCLC)
Identificador de la biblioteca OCLC NLC
Número de control de sistema 000061263
035 ## - NÚMERO DE CONTROL DEL SISTEMA
Número de control de sistema (OCoLC)43790823
055 00 - NÚMEROS DE CLASIFICACIÓN ASIGNADOS EN CANADÁ
Número de clasificación HT 1581
Número de ítem D711b 1998
082 00 - NÚMERO DE LA CLASIFICACIÓN DECIMAL DEWEY
Número de clasificación 305.8/036
049 ## - FONDOS LOCALES (OCLC)
Biblioteca depositaria GRAL
100 1# - ENTRADA PRINCIPAL--NOMBRE DE PERSONA
Nombre de persona Dorléans Jean-Baptiste, Weber Tiecoura,
Fechas asociadas al nombre 1962-
245 13 - MENCIÓN DEL TÍTULO
Título Le blancisme devant le tribunal de la negro divinite, ou, Pour comprendre, France est son nom /
Mención de responsabilidad, etc. Weber Tiecoura D'Orleans Jean Baptiste.
246 30 - FORMA VARIANTE DEL TITULO
Título propio/Titulo breve Pour comprendre, France est son nom
260 ## - PUBLICACIÓN, DISTRIBUCIÓN, ETC.
Lugar de publicación, distribución, etc. [Montreal] :
Nombre del editor, distribuidor, etc. Editions Lekba/Ogu/Fweda,
Fecha de publicación, distribución, etc. [1998?]
300 ## - DESCRIPCIÓN FÍSICA
Extensión 217 p. :
Otras características físicas ill. ;
Dimensiones 23 cm
650 #0 - PUNTO DE ACCESO ADICIONAL DE MATERIA--TÉRMINO DE MATERIA
Término de materia o nombre geográfico como elemento de entrada Black race.
650 #0 - PUNTO DE ACCESO ADICIONAL DE MATERIA--TÉRMINO DE MATERIA
Término de materia o nombre geográfico como elemento de entrada Race relations.
650 #4 - PUNTO DE ACCESO ADICIONAL DE MATERIA--TÉRMINO DE MATERIA
Término de materia o nombre geográfico como elemento de entrada Raza negra.
650 #4 - PUNTO DE ACCESO ADICIONAL DE MATERIA--TÉRMINO DE MATERIA
Término de materia o nombre geográfico como elemento de entrada Relaciones raciales.
650 #4 - PUNTO DE ACCESO ADICIONAL DE MATERIA--TÉRMINO DE MATERIA
Término de materia o nombre geográfico como elemento de entrada CEH
650 #4 - PUNTO DE ACCESO ADICIONAL DE MATERIA--TÉRMINO DE MATERIA
Término de materia o nombre geográfico como elemento de entrada Colección Estudios Haitianos
942 ## - ELEMENTOS DE ENTRADA SECUNDARIOS (KOHA)
Fuente del sistema de clasificación o colocación Clasificación de Library of Congress
Tipo de ítem Koha
994 ## -
-- C0
-- DRFGD
Holdings
Estatus retirado Estado de pérdida Fuente del sistema de clasificación o colocación Estado de daño No para préstamo Colección Biblioteca de origen Biblioteca actual Ubicación en estantería Fecha de adquisición Código de barras Visto por última vez Copia número Tipo de ítem Koha
    Clasificación de Library of Congress     Automatización y Procesos Técnicos Biblioteca Juan Bosch Biblioteca Juan Bosch Automatización y Procesos Técnicos (1er. Piso) 11/04/2023 00000040575 17/02/2019 1